|
|
|
|
| LEADER |
00000nam a2200000 4500 |
| 008 |
191218b2007 cr ||||| |||| 00| | spa d |
| 999 |
|
|
|c 3858
|d 3858
|
| 020 |
|
|
|a 9789968251051
|
| 090 |
|
|
|a 14.02.03
|b 1617
|
| 110 |
|
|
|9 1766
|a Instituto Nacional de las Mujeres
|
| 245 |
1 |
0 |
|a Sexualidad en la adolescencia: mirándolas y mirándolos desde otro lugar /
|c Instituto Nacional de las Mujeres
|
| 260 |
|
|
|a San José, Costa Rica :
|b INAMU,
|c 2007
|
| 300 |
|
|
|a 20, páginas;
|b ilustraciones
|
| 650 |
1 |
4 |
|9 48
|a SEXUALIDAD
|
| 650 |
1 |
4 |
|9 5
|a ADOLESCENTES
|
| 650 |
1 |
4 |
|9 69
|a GÉNERO
|
| 650 |
1 |
4 |
|9 1044
|a IDENTIDAD
|
| 942 |
|
|
|i 003363
|h 14.02.03 1617
|2 z
|c 01
|